000
00254nam a2200109Ia 4500
008
190912s9999||||xx |||||||||||||| ||und||
100
_a
Ian Graham
245
0
_a
Migrating To Object Technology
260
_a
USA
_b
Addison
_c
1995
300
_a
552
942
_c
BK
999
_c
7193
_d
7193